University Home | Library Home | Institutional Repository

No easy answers / (Record no. 151387)

MARC details
000 -LEADER
fixed length control field 00852cam0a220026500 4500
001 - CONTROL NUMBER
control field qce01698626
005 - DATE AND TIME OF LATEST TRANSACTION
control field 20190823110619.0
008 - FIXED-LENGTH DATA ELEMENTS--GENERAL INFORMATION
fixed length control field 740312s1973 enk 001 0 eng
010 ## - LIBRARY OF CONGRESS CONTROL NUMBER
LC control number 74157272
020 ## - INTERNATIONAL STANDARD BOOK NUMBER
International Standard Book Number 0859690016
035 ## - SYSTEM CONTROL NUMBER
System control number (Sirsi) r100717
035 ## - SYSTEM CONTROL NUMBER
System control number (QCAT)lss00560268
035 ## - SYSTEM CONTROL NUMBER
System control number (UPRA)qce01698626
040 ## - CATALOGING SOURCE
Modifying agency UPRA
050 0# - LIBRARY OF CONGRESS CALL NUMBER
Classification number BR85
Item number .P599 1973
082 ## - DEWEY DECIMAL CLASSIFICATION NUMBER
Classification number 261
100 1# - MAIN ENTRY--PERSONAL NAME
Personal name Powell, J. Enoch (John Enoch), 1912-
Fuller form of name Powell, J. Enoch (John Enoch), 1912-
Dates associated with a name Powell, J. Enoch (John Enoch), 1912-
Linkage A48788.1
245 10 - TITLE STATEMENT
Title No easy answers /
Statement of responsibility, etc. [by] Enoch Powell.
260 ## - PUBLICATION, DISTRIBUTION, ETC.
Place of publication, distribution, etc. London :
Name of publisher, distributor, etc. Sheldon Press,
Date of publication, distribution, etc. [1973]
650 #0 - SUBJECT ADDED ENTRY--TOPICAL TERM
Topical term or geographic name entry element Theology.
Linkage S29755.1
650 #0 - SUBJECT ADDED ENTRY--TOPICAL TERM
Topical term or geographic name entry element Christianity and politics.
Linkage S22523.1
650 #0 - SUBJECT ADDED ENTRY--TOPICAL TERM
Topical term or geographic name entry element Church and social problems.
Linkage S2854.1
949 ## - LOCAL PROCESSING INFORMATION (OCLC)
a BR85
w lcc
i -143541
m MAIN
t BOOK
l ON-SHELF

No items available.

© 2026 - The University of Zambia Library - Koha v25.11